| 000 | 01075cam a2200301 4500 | ||
|---|---|---|---|
| 001 | 26947 | ||
| 003 | BD-RjUL | ||
| 005 | 20211209051106.0 | ||
| 008 | 140324t1975 nyu b 001 0 eng | ||
| 020 | _a0379006030 | ||
| 035 | _a(BD-RjUL)27018 | ||
| 040 |
_aDLC _cDLC _dDLC _dBD-RjUL _beng |
||
| 041 | _aeng | ||
| 082 | 0 | 0 |
_a977.178 _bCIN 1975 |
| 245 | 1 | 0 |
_aCincinnati: _ba chronological & documentary history, 1676-1970 / _cCompiled and edited by Robert I. Vexler. |
| 260 |
_aDobbs Ferry, N.Y. : _bOceana Publications, _cc1975. |
||
| 300 |
_avii, 152 p. ; _c24 cm. |
||
| 490 | 0 | _aAmerican cities chronology series | |
| 504 | _aincludes Bibliographical reference and index. | ||
| 520 | _aA chronology of the development of Cincinnati including pertinent documents and a bibliography. | ||
| 651 | 0 |
_aCincinnati (Ohio) _xHistory _xChronology. _982819 |
|
| 651 | 0 |
_aCincinnati (Ohio) _xHistory _xSources. _982820 |
|
| 651 | 1 |
_aCincinnati (Ohio) _xHistory. _982821 |
|
| 700 | 1 |
_aVexler, Robert I. _92173 |
|
| 942 |
_2ddc _cBK |
||
| 999 |
_c26947 _d26947 |
||